000 00664nam a2200193 a 4500
001 50414
005 20180714035455.0
008 140415s1995 sp 000 0 spa d
020 _a8471146797
041 _aspa
082 _a631.45
_bMOR
100 1 _aMORGAN, R.P.C.
245 1 0 _aEROSION Y CONSERVACION DEL SUELO
250 _a1a ed.
260 _aESPAÑA :
_bEDICIONES MUNDI-PRENSA,
_c1995
300 _a159
_c16.5 x 1.7 x 23.5
520 _aPROPORCIONA UN TRATAMIENTO GLOBAL DE LOS PROCESOS EROSIVOS Y SU CONTROL, ASI COMO UN ACCESO PRACTICO AL DISEÑO DE METODOS DE CONSERVACION.
650 1 4 _aCONSERVACION DE SUELOS
_xEROSION DE SUELOS
999 _c50414
_d50414